The Jews of Czechoslovakia. Historical studies and surveys.
Uložené v:
| Médium: | Kniha |
|---|---|
| Jazyk: | English |
| Vydané: |
Philadelphia-New York :
The Jewish Publication Society of America-Society for The History of Czechoslovak Jews,
1971
|
| Vydanie: | 1. vyd. |
| Témy: | |
| ISBN: |
(viaz.) |
| Fyzický popis: |
707 s. |
| Tagy: |
Pridať tag
Žiadne tagy, Buďte prvý kto otaguje tento záznam!
|
Titul je dostupný aj v ... 

MARC
| LEADER | 00000nam a2200000 a 4500 | ||
|---|---|---|---|
| 001 | 000074749 | ||
| 003 | SVKK | ||
| 005 | 20010430000000.0 | ||
| 008 | 991228s1971 xxu e engo | ||
| 020 | |a (viaz.) | ||
| 040 | |a SVKKK |b slo |c SVKKK |e AACR2 | ||
| 041 | 0 | |a eng | |
| 044 | |a xxu |c US | ||
| 080 | |a 933(437) |2 1997 | ||
| 080 | |a 323.15(437=924) |2 1997 | ||
| 080 | |a 943.7(=924) |2 1997 | ||
| 245 | 0 | 0 | |a The Jews of Czechoslovakia. Historical studies and surveys. |
| 250 | |a 1. vyd. | ||
| 260 | |a Philadelphia-New York : |b The Jewish Publication Society of America-Society for The History of Czechoslovak Jews, |c 1971 | ||
| 300 | |a 707 s. | ||
| 653 | 0 | |a Židia |2 SVKKKPH | |
| 653 | 0 | |a Česko-Slovensko |2 SVKKKPH | |
| 653 | 0 | |a dejiny |2 SVKKKPH | |
| 655 | 7 | |a monografie |2 SVKKKPH | |
| 910 | |a svkkk | ||
| 974 | |a MI |d 19991228 | ||
| 974 | |a PA |d 19991228 | ||
| 974 | |a PA |d 20010430 | ||
| 998 | |a BK | ||
| 090 | |g SCKHL |k Študovňa historických fondov a regionálnej lit.(Pri Mikl.väzn.1) |a III.161987 |j 869050 |i 2720056229 |s Príručka / Študovňa | ||